000 00475nam a2200181Ia 4500
003 GCL
008 140319s9999 xx 000 0 eng d
040 _aGCL /
_cGCL
082 0 4 _a630.962
_bS S
100 1 _aSADEK, ADEL
245 1 0 _aSUPPLY RESPONSE IN EGYPTIAN AGRICULTURE /
_cSADEK, ADEL
260 _a[S.N] :
_bTHE MIDDLE EAST INSTITUTE ،
_c1991
300 _a325 P
650 0 4 _aEGYPT
650 0 4 _aAGRICULTURE
650 0 4 _aEGYPT - AGRICULTURE
942 _2ddc
_cBK
999 _c13948
_d13948